000 00754nam a2200205Ii 4500
003 JO-AjNU
008 230605s9999||||xx |||||||||||||| ||und||
040 _aJO-AjNU
_bara
_erda
_cJO-AjNU
041 _aara
050 1 4 _aPJ7698.N5.Z52 1993
100 3 _aإعداد وعد محمد مفلح العربيات ؛ إشراف هاشم ياغي ,
_eauthor
_910358
245 0 0 _aالنمر بن تولب (حياته وشعره)
250 _aط1
264 3 1 _aعمان:دار الإبداع للنشر والتوزيع،1993
300 _a126ص
336 _atext
_btxt
_2rdacontent
337 _aunmediated
_bn
_2rdamedia
338 _avolume
_bnc
_2rdacarrier
650 4 _aالشعر العربي - تاريخ ونقد - عصر صدر الإسلام
_910359
999 _aA1766
_c5334
_d5334